000 00412nam a2200157 4500
001 133209
003 ES-MaACL
005 20230906194340.0
007 t|
008 070214s1922 fr r ||||1| fre d
100 1 _aRostand, Edmond.
_999921
245 1 3 _aLa cantique de l'aile /
_cEdmond Rostand.
260 _aParis :
_bPhilippe Renouard,
_c1922.
300 _a272 p. ;
_c20 cm.
852 _aES-MaACL
_jD-1946
999 _c133209
_d133209